| 000 | 00865nam a2200277 i 4500 | ||
|---|---|---|---|
| 001 | 000040395 | ||
| 003 | DO-SdBNP | ||
| 005 | 20251127072819.0 | ||
| 007 | ta | ||
| 008 | 130823s1975 dr 000 0 spa d | ||
| 040 |
_aDO-SdBNP _bspa _cBNPHU _erda |
||
| 041 | _aspa | ||
| 082 |
_axxx _bV297j _222 |
||
| 100 | 1 |
_aVargas Vila, José María, _d1860-1933. _eautor _927136 |
|
| 245 | 1 | 0 |
_aJosé Martí : _bapostol,libertador / _cJosé María Vargas Vila. |
| 250 | _aSegunda edición | ||
| 264 |
_aSanto Domingo : _bEditora Taller, _c1975. |
||
| 300 |
_a153 páginas ; _c21 cm. |
||
| 336 |
_ardacontent _btexto _2txt |
||
| 337 |
_ardamedia _bsin mediación _2n |
||
| 338 |
_ardacarrier _bvolumen _2nc |
||
| 533 |
_aJosé Martí : apostol, libertador _bParís, 1938 _cEditorial Hispano-América, |
||
| 590 | _aInventariado, 2025/DG | ||
| 910 | _aDG | ||
| 942 |
_2ddc _cLBS1 |
||
| 999 |
_c39885 _d39885 |
||